Gender relations in the home and the workplace in Lesotho: a case study of the implications of Lesotho's current economic development strategy for the clothing industry (Record no. 5289)
[ view plain ]
| 000 -LEADER | |
|---|---|
| fixed length control field | 00695nam a22001937a 4500 |
| 003 - CONTROL NUMBER IDENTIFIER | |
| control field | OSt |
| 005 - DATE AND TIME OF LATEST TRANSACTION | |
| control field | 20250624123640.0 |
| 008 - FIXED-LENGTH DATA ELEMENTS--GENERAL INFORMATION | |
| fixed length control field | 250624b |||||||| |||| 00| 0 eng d |
| 020 ## - INTERNATIONAL STANDARD BOOK NUMBER | |
| International Standard Book Number | 9911-31-28-0 |
| 041 ## - LANGUAGE CODE | |
| Language code of text/sound track or separate title | English |
| 082 ## - DEWEY DECIMAL CLASSIFICATION NUMBER | |
| Classification number | 305.4-DY Acc No. 10,608 |
| 100 ## - MAIN ENTRY--PERSONAL NAME | |
| Personal name | DYER, Kate |
| 245 ## - TITLE STATEMENT | |
| Title | Gender relations in the home and the workplace in Lesotho: a case study of the implications of Lesotho's current economic development strategy for the clothing industry |
| 260 ## - PUBLICATION, DISTRIBUTION, ETC. | |
| Place of publication, distribution, etc. | Roma: |
| Name of publisher, distributor, etc. | Institute of Southern African Studies, |
| Date of publication, distribution, etc. | 2001. |
| 300 ## - PHYSICAL DESCRIPTION | |
| Extent | vii, 32p., tabs., |
| 500 ## - GENERAL NOTE | |
| General note | includes refs., |
| 653 ## - INDEX TERM--UNCONTROLLED | |
| Uncontrolled term | Gender relations in the home and the workplace in Lesotho |
| 942 ## - ADDED ENTRY ELEMENTS (KOHA) | |
| Source of classification or shelving scheme | Dewey Decimal Classification |
| Koha item type | Books |
| Suppress in OPAC | No |
| Withdrawn status | Lost status | Source of classification or shelving scheme | Damaged status | Not for loan | Home library | Current library | Shelving location | Date acquired | Total checkouts | Full call number | Date last seen | Copy number | Price effective from | Koha item type |
|---|---|---|---|---|---|---|---|---|---|---|---|---|---|---|
| Dewey Decimal Classification | Main Library | Main Library | Open Shelves | 24/06/2025 | 305.4-DY Acc No. 10,608 | 24/06/2025 | C1 | 24/06/2025 | Books |